000 00893nam a2200229 i 4500
001 158364
003 ES-MaACL
005 20250815062645.0
008 990203q1905 sp |||| | spa d
040 _aCLM
_bspa
_cCLM
100 1 _aMacaulay, Thomas Babington Macaulay
_cBaron.
_975067
245 1 0 _aEstudios jurídicos /
_cpor Lord Macaulay ; traducción por R. Altamira ; prólogo por W.E. Gladstone.
260 _aMadrid :
_bLa España Moderna,
_c[1905?] (
_fImp. de Gabriel L. Horno)
300 _a384 p. ;
_c23 cm.
490 1 _aBiblioteca de jurisprudencia, filosofía é historia ;
_v438
650 0 7 _aDerecho
_2embne
_911602
700 1 _aAltamira, Rafael,
_d1866-1951
_920515
700 1 _aGladstone, Willian Ewart.
_9127343
830 0 0 _aBiblioteca de jurisprudencia, filosofía e historia
_v438
_9180691
852 _aES-MaACL
_jF-14823
_z-- Enc. hol.
999 _c158364
_d158364